Bilecik Bilecik Bilecik Bilecik Bilecik

Fundamentals of marketing/ (Record no. 7379)

MARC details
000 -BAŞLIK
Sabit Uzunluktaki Kontrol Alanı 00803nam a22003017a 4500
001 - KONTROL NUMARASI
Control Dosyası 0007401
003 - KONTROL NUMARASI KİMLİĞİ
Kontrol Alanı KOHA_MİRAKIL
005 - EN SON İŞLEM TARİHİ ve ZAMANI
Kontrol Alanı 20260207001557.0
007 - FİZİKSEL TANIM SABİT ALAN - GENEL BİLGİ
Sabit uzunluklu kontrol alanı ta
008 - SABİT UZUNLUKTAKİ VERİ ÖGELERİ - GENEL BİLGİ
Sabit Alan 090924b1972 us |||gr||||#||||0|eng |
020 ## - ISBN - ULUSLARARASI STANDART KİTAP NUMARASI
Isbn 070608482
Kullanılabilirlik koşulları 0,01
040 ## - KATALOGLAMA KAYNAĞI
Özgün Kataloglama Kurumu TR-BiSEU
Kataloglama Dili tur
Çeviri Kurumu TR-BiSEU
Açıklama Kuralları rda
041 0# - DİL KODU
Metin ya da ses kaydının dil kodu eng
044 ## - YAYINLAYAN/ÜRETEN KURULUŞUN ÜLKE KODU
ISO country code us
050 ## - SINIFLAMA ve YER NUMARASI
Sınıflama Numarası HF5415
Yer Numarası .S73 1972
100 1# - KİŞİ ADI
Yazar Adı (Kişi adı) Stanton, William J..
245 1# - ESER ADI BİLDİRİMİ
Başlık Fundamentals of marketing/
Sorumluluk Bildirimi William J. Stanton ; William J. Stanton.
264 #1 - ÜRERİM, YAYIN, DAĞITIM ve TELİF BİLDİRİMİ
Yayın yeri Amerika :
Yayınlayan McGraw-Hill
Yayın tarihi 1972
300 ## - FİZİKSEL TANIMLAMA
Sayfa, Cilt vb. 729 sayfa
336 ## - İÇERİK TÜRÜ
Content type term metin
Content type code txt
Source rdacontent
337 ## - MEDYA TÜRÜ
Media type term aracısız
Media type code n
Source rdamedia
338 ## - TAŞIYICI TÜRÜ
Carrier type term cilt
Carrier type code nc
Source rdacarrier
500 ## - GENEL NOT
Genel Not Dizin var.
650 #0 - KONU BAŞLIĞI EK GİRİŞ - KONU TERİMİ
Konusal terim veya coğrafi ad Pazarlama.
9 (RLIN) 2020
650 #0 - KONU BAŞLIĞI EK GİRİŞ - KONU TERİMİ
Konusal terim veya coğrafi ad Marketing.
9 (RLIN) 2838
650 #0 - KONU BAŞLIĞI EK GİRİŞ - KONU TERİMİ
Konusal terim veya coğrafi ad
9 (RLIN) 5500
942 ## - EK GİRİŞ ÖGELERİ (KOHA)
Source of classification or shelving scheme Library of Congress Classification
Koha item type Book
Holdings
Materyal Türü Kalıcı Konum Mevcut Konum Raf Yeri Sınıflandırma Kaynağı Edinim Bilgisi Ana Konular Alt Konular Yer Numarası Demirbaş Numarası Fatura Tarihi Geri Çekilme Durumu Kayıp Durumu Hasarlı Durumu Kredi için değil Kayıt Tarih Toplam Ödünçverme Son Görülme Tarihi Son Kontrol Tarihi Genel / Bağış Notu
Book Prof. Dr. Azmi Özcan Kütüphanesi Prof. Dr. Azmi Özcan Kütüphanesi Uluğbey Salonu Library of Congress Classification Bağış SOSYAL BİLİMLER Ticaret HF5415 .S73 1972 0007401 13/08/2010         24/09/2009   05/12/2024 05/12/2024 İİBF